[Event "Balkan Youth Online-ch 2020"]
[Site "Online"]
[Date "2020.10.31"]
[Round "1.47"]
[White "Mitkov, Simeon-Alekzander"]
[Black "Terziev, Dimo"]
[Result "0-1"]
[WhiteElo "1319"]
[BlackElo "2123"]
[Annotator "TA"]
[PlyCount "86"]
[EventDate "2020.10.31"]
[EventType "swiss"]
[SourceTitle "playchess.com"]
[Source "ChessBase"]
[SourceQuality "1"]

{[%evp 15,85,0,0,0,34,11,45,12,64,54,79,7,0,-8,27,27,29,27,18,0,22,15,16,0,6,-51,-52,-329,-336,-331,-223,-221,-201,-630,-612,-1011,-1027,-1074,-963,-895,-708,-29990,-29991,-29991,-29992,-29992,-29993,-29993,-29994,-29994,-29995,-29998,-29995,-29995,-29996,-29996,-29993,-29993,-29991,-29991,-29992,-29999,-29993,-29994,-29994,-29995,-29995,-29998,-29996,-29998,-29999,-29999]} 1. e4 c5 2. Nf3 d6 3. d4 cxd4 4. Nxd4 Nf6 5. Nc3 a6 6. Be3 e5 7. Nf3 {is cutting edge theory.} Be7 8. Be2 Be6 9. Ng5 {B90: Sicilian Najdorf: Unusual White 6th moves, 6 Be3 Ng4 and 6 Be3 e5.} O-O 10. Nxe6 fxe6 11. a4 {[#] White is slightly better.} (11. Bg4 $5) 11... d5 $146 (11... Qd7 $11) ({Predecessor:} 11... Nc6 12. O-O d5 13. exd5 exd5 14. Bd2 d4 15. Bc4+ Kh8 16. Ne2 Ne4 17. Bc1 d3 18. Qxd3 Nxf2 19. Qg3 Ne4 20. Qh3 Rxf1+ 21. Kxf1 Qd1# {0-1 (21) Karlstedt,F (1268)-Sturm,S (1132) Germany 2002}) 12. exd5 $1 $14 exd5 {[#]} 13. Bg5 (13. Nxd5 $1 $16 {[%mdl 512] Strongly threatening Nb6.} Nxd5 (13... Qxd5 14. Qxd5+) 14. Bc4 Qa5+ 15. Qd2 Qxd2+ 16. Bxd2) 13... d4 $11 14. Bxf6 Rxf6 15. Ne4 Rf8 16. Bc4+ Kh8 17. Qh5 Nc6 {[%cal Bb8c6,Bc6b4,Bb4d3][%mdl 32]} 18. Bd3 {Threatening mate with Nf6!} g6 19. Qh3 Nb4 20. Qg3 (20. O-O $11) 20... Rf4 $36 {[%mdl 2048] Black has good play.} 21. h3 $2 {[%mdl 8192] Now White is beyond hope.} (21. O-O $15) 21... Bh4 $19 22. Qh2 Nxd3+ 23. cxd3 Qa5+ 24. Kd1 $2 (24. Kf1 Bxf2 25. Nxf2 Rxf2+ 26. Kg1 (26. Kxf2 {gets mated.} Qd2+ {[%mdl 64] Double Attack} 27. Kf1 Rf8+ 28. Qf4 exf4 29. Rd1 Qxd1+ {[%mdl 64] Double Attack} 30. Kf2 Qd2+ {[%mdl 64] Double Attack} 31. Kf1 f3 32. gxf3 Rxf3+ {[%mdl 64] Double Attack} 33. Kg1 Qf2#) 26... Rxb2 27. Qg3) 24... Qb4 {And now ...Qb3+ would win.} 25. g3 {[#]} Rxe4 $1 {[%mdl 512]} 26. dxe4 Qxb2 {( -> ...Rc8)} 27. Rc1 d3 {[%csl Gd3][%cal Rb2e2]} 28. Re1 {[#]} d2 $1 {[%csl Gb2][%cal Rd2c1][%mdl 512] Black mates.} 29. Rc2 dxe1=Q+ 30. Kxe1 Qxc2 31. gxh4 Qxe4+ 32. Kf1 Rd8 {[%cal Rd8d1]} 33. f3 Qb1+ 34. Kg2 Rd2+ {[%mdl 64] Skewer} 35. Kg3 Rxh2 36. Kxh2 b5 37. axb5 axb5 {[%cal Ba6b5,Bb5b4,Bb4b3,Bb3b2][%mdl 32]} 38. Kg3 b4 {[%cal Rb1g1]} 39. f4 exf4+ 40. Kg4 b3 41. Kg5 b2 42. h5 Qf5+ {[%mdl 64] Double Attack} 43. Kh4 Qxh5# {Av CentiPawn Loss W=-110/B=-26. Weighted=-85/-33} 0-1

[Event "Balkan Youth Online-ch 2020"]
[Site "Online"]
[Date "2020.10.31"]
[Round "1.48"]
[White "Akdag, Omer Amir"]
[Black "Tisaj, Domen"]
[Result "0-1"]
[WhiteElo "1970"]
[BlackElo "2274"]
[Annotator "TA"]
[PlyCount "120"]
[EventDate "2020.10.31"]
[EventType "swiss"]
[SourceTitle "playchess.com"]
[Source "ChessBase"]
[SourceQuality "1"]

{[%evp 13,120,7,8,4,20,20,8,5,6,-7,-2,-12,-8,-5,0,0,0,0,5,-151,-30,-47,-4,0,0,-21,4,-19,0,-8,9,0,4,2,12,12,19,0,23,21,66,16,33,-16,-15,-28,44,6,14,14,343,0,0,0,17,18,25,36,100,99,97,0,-1,-58,-53,-75,-6,-85,-74,-77,0,-1,0,-68,-83,-137,-114,-250,-254,-254,-255,-211,-204,-231,-189,-231,-92,-135,0,-273,0,0,0,0,0,-178,-54,-337,-334,-327,-310,-305,-295,-340,-130,-111,0,-1018,-958]} 1. d4 Nf6 2. Nf3 e6 3. e3 d5 4. Bd3 c5 5. b3 Be7 6. O-O O-O 7. Bb2 b6 8. Nbd2 {D05: Colle System with ...e6.} Ba6 9. Bxa6 Nxa6 10. Ne5 {The position is equal.} Rc8 {[#]} 11. a3 $146 ({Predecessor:} 11. Qe2 Nb8 12. f4 cxd4 13. Bxd4 Rxc2 14. Qd3 Qc7 15. g4 Bb4 16. Ndf3 Ne4 17. a3 {0-1 (65) Breasha,G (1513)-Davis,K Maribor 2012}) 11... Nd7 12. Qe2 Nab8 13. c4 cxd4 14. exd4 dxc4 15. Ndxc4 b5 16. Nd2 $2 (16. Nxd7 $11 Qxd7 17. Ne3) 16... Rc2 (16... Nxe5 $1 $17 17. dxe5 (17. Qxe5 Rc2 $17) 17... Rc2 {[%mdl 64] Double Attack}) 17. Nd3 $11 Nb6 (17... Bg5 $5 {[%cal Rc2d2]} 18. f4 Bf6 $11) 18. Rfc1 Rxc1+ 19. Rxc1 Nd5 20. Ne5 a6 21. Ne4 Qb6 22. g3 Rd8 23. Qf3 Bf6 24. Qh5 Qb7 25. Qf3 Qe7 26. h4 Qe8 27. h5 h6 28. Qg4 Be7 29. Qf3 Nf6 (29... Nd7 $11) 30. Nc5 Rd5 31. Ncd3 $36 {[%mdl 2048] White has some pressure.} Nfd7 $2 {[%mdl 8192] [#]} (31... Rd8 $11) 32. Nf4 $2 (32. Rc8 $1 $18 {[%cal Rc8e8][%mdl 512]} Qxc8 33. Qxf7+ {[%mdl 64] Double Attack} Kh7 34. Qg6+ (34. Qxe7 $2 Nxe5 35. Nxe5 Nc6 $19) (34. Qxe6 Rxe5 35. Nxe5 Bf6 $11) 34... Kg8 35. Qxe6+ {[%mdl 64] Double Attack} Kh7 36. Qxd5) 32... Nxe5 33. dxe5 Rd2 34. Qb7 Rd8 35. Rc7 Rd7 (35... Bf8 $14) 36. Rxd7 $1 $16 Nxd7 37. Qxa6 (37. Qc6 $16) 37... Nc5 $1 $11 {[%csl LRa6,LRb3]} 38. Qb6 (38. Qa7 $11) 38... Nxb3 $15 39. Qc7 Nc5 (39... Bf8 $17) 40. Bd4 (40. Bc3 $11) 40... Ne4 41. Qb7 {[#]} Ng5 ({Black should try} 41... Nd2 $1 $17) 42. Bb2 Bc5 {Threatening ...Qd8.} 43. Kg2 (43. Nd3 $11 Qf8 44. Bc3 (44. Qxb5 Bxa3 45. Ne1 Bc5 $15)) 43... Qd8 44. Qxb5 (44. Bc1 $142) 44... Qa8+ $17 {[%mdl 64] Double Attack} 45. Kf1 (45. Kg1 $17 Bxa3 46. Bc3) 45... Qh1+ $19 ({Not} 45... Bxa3 46. Bxa3 Qh1+ 47. Ke2 $11) 46. Ke2 Qf3+ {[%mdl 64] Double Attack} 47. Kd2 Qxf2+ 48. Ne2 Ne4+ 49. Kd1 Qf1+ ({Black should play} 49... Be3 $19 {White must now prevent ...Qf5.} 50. g4 Qg2) 50. Kc2 $17 Nxg3 (50... Qg2 $17 51. a4 Bf8) 51. Qb8+ $2 {[%mdl 8192]} (51. Qe8+ $1 $11 Bf8 52. Nxg3 Qg2+ 53. Kb3) 51... Bf8 $2 ({Better is} 51... Kh7 $19 52. Nxg3 Qg2+ 53. Kb1 Qxg3) 52. Nxg3 $11 Qg2+ 53. Kb3 Qxg3+ 54. Ka2 $2 (54. Bc3 $1 $11 {and White has nothing to worry.}) 54... Qd3 (54... g6 $19 55. hxg6 Qxg6) 55. Qc8 $2 {[%mdl 8192]} (55. a4 $1 $15) 55... Qd5+ $19 56. Kb1 Qd1+ 57. Ka2 Qxh5 58. a4 Qd1 $2 (58... Qf3 $19 {is more deadly.} 59. Qd7 Qe4) 59. Ba3 $17 {[#]} Qe2+ ({Don't play} 59... Qxa4 $6 60. Qxf8+ Kh7 61. Qxf7 $11) (59... Kh7 $1 $17 {aiming for ...Qd5+.} 60. Qxf8 Qc2+ 61. Ka1 Qxa4) 60. Kb1 $2 {[%mdl 8192]} (60. Ka1 $11) 60... Qd3+ {[%mdl 64] Double Attack. Av CentiPawn Loss W=-58/B=-39. Weighted=-59/-42} 0-1

[Event "Balkan Youth Online-ch 2020"]
[Site "Online"]
[Date "2020.10.31"]
[Round "1.49"]
[White "Gunduz, Umut Erdem"]
[Black "David, Bogdan-Emanuel"]
[Result "0-1"]
[WhiteElo "2137"]
[BlackElo "2092"]
[Annotator "TA"]
[PlyCount "84"]
[EventDate "2020.10.31"]
[EventType "swiss"]
[SourceTitle "playchess.com"]
[Source "ChessBase"]
[SourceQuality "1"]

{[%evp 16,84,46,31,41,17,4,0,0,-8,0,0,0,0,159,142,153,145,145,8,118,116,165,152,152,166,233,232,218,-9,-9,-238,-250,-247,-249,-325,-325,-304,-135,-358,-307,-310,-157,-154,-145,-520,-499,-543,-538,-535,-521,-547,-541,-663,-500,-1421,-1397,-1303,-1205,-1529,-1533,-1440,-1454,-1392,-1365,-1536,-1112,-4822,-1883,-29985,-29986]} 1. e4 c5 2. Nf3 Nc6 3. d4 cxd4 4. Nxd4 e5 5. Nb5 d6 6. N1c3 a6 7. Na3 b5 8. Nd5 Nge7 9. c4 Nxd5 {B32: Sicilian: Löwenthal and Kalashnikov Variations.} 10. Qxd5 {[%mdl 64] Double Attack} Bd7 $1 11. cxb5 Nd4 $1 {The position is equal.} 12. bxa6 $40 {[%mdl 128] White has some attack.} Be7 13. Bd2 O-O 14. Bd3 {[#]} Qb8 $146 (14... Bc6 $11 15. Qa5 Qxa5 16. Bxa5 f5) ({Predecessor:} 14... Bc6 15. Qa5 d5 16. exd5 Bxd5 17. O-O Qxa5 18. Bxa5 Bxa3 19. bxa3 e4 20. Bb6 exd3 21. Bxd4 Rxa6 {0-1 (44) Narva,M (2347)-Kryakvin,D (2588) chess.com INT 2019}) 15. O-O $1 $16 Qxb2 16. Nc4 Qb5 17. Rab1 (17. Qb7 $16 {And now Rfb1 would win.} Qxb7 18. axb7) 17... Qxd5 (17... Qxa6 $11 18. Nxe5 Be6) 18. exd5 Bb5 19. Rxb5 $1 Nxb5 20. Rb1 $1 Nc7 {[#]} (20... Na7 $142 21. Rb7 Nc8) 21. Rb7 $1 $18 {[%cal Rb7c7]} Nxd5 {[#]} 22. Be4 $2 (22. a7 $1 $18) 22... Nf6 $11 23. Rxe7 $2 (23. Bd3 $1 $11 Rxa6 24. Rxe7) 23... Nxe4 $19 24. a7 Nxd2 25. Nb6 g6 ({But not} 25... Rad8 26. Nd7 $19) 26. f3 Nb1 ({Much less strong is} 26... Rad8 27. Kf2 $19) (26... Kg7 $19 {has better winning chances.} 27. Rb7 Rfd8) 27. Kf2 $2 (27. Rb7 $17 {keeps fighting.} Kg7 28. Nxa8 Rxa8 29. Rxb1 Rxa7 30. Rd1) 27... Kg7 ({Not} 27... Rad8 28. Nd7 $19) 28. a4 Kf6 (28... Rad8 $19 29. Rb7 d5) 29. Rb7 $17 Ke6 {Hoping for ...Nc3.} 30. Ke3 $2 {[%mdl 8192] White does not recover from this.} (30. Nxa8 $17 Rxa8 31. Rxb1 Rxa7 32. Ra1) 30... Nc3 $19 31. Kd3 Nd5 {White must now prevent ...Nxb6.} 32. Nxa8 Rxa8 {[%mdl 4096] Endgame KRN-KR} 33. Kc4 Ne7 34. Kb5 d5 35. Ka6 (35. Kc5 $142 d4 36. Rb6+ Kf5 37. Rb7) 35... Nc8 36. a5 d4 {Strongly threatening ...Rxa7+!} 37. Rb6+ Kd5 38. Kb7 Rxa7+ {[%mdl 64] Double Attack} 39. Kxc8 Rxa5 40. Rb7 d3 41. Rxf7 Kd4 (41... Ke6 $142 42. Rb7 Rc5+ 43. Kd8 Rd5+ 44. Ke8 d2 45. Rb6+ Rd6) 42. Rxh7 d2 {Av CentiPawn Loss W=-145/B=-74. Weighted=-156/-70} 0-1

[Event "Balkan Youth Online-ch 2020"]
[Site "Online"]
[Date "2020.10.31"]
[Round "1.49"]
[White "Magold, Victor"]
[Black "Cani, Dejvi"]
[Result "1-0"]
[WhiteElo "2045"]
[BlackElo "1188"]
[Annotator "TA"]
[PlyCount "53"]
[EventDate "2020.10.31"]
[EventType "swiss"]
[SourceTitle "playchess.com"]
[Source "ChessBase"]
[SourceQuality "1"]

{[%evp 12,53,58,39,39,42,50,43,54,49,55,65,51,35,31,31,47,0,0,0,0,2,96,78,117,80,105,46,156,155,170,172,229,218,578,587,589,581,581,575,581,581,764,754]} 1. d4 Nf6 2. Nf3 d5 3. c4 e6 4. Nc3 c5 5. cxd5 exd5 6. Bg5 cxd4 7. Nxd4 Be7 {D32: Tarrasch Defence: Sidelines and lines without g3.} 8. e3 a6 9. Be2 O-O {White is slightly better.} 10. O-O Nc6 11. Rc1 Be6 12. Na4 {[#]} Nxd4 $146 ({Predecessor:} 12... Ne5 13. Nc5 Bg4 14. Bxf6 {1-0 (14) Fontaine,R (2537)-Khotenashvili,B (2423) Paleochora 2010}) 13. Qxd4 Rc8 14. Nb6 Rc6 15. Rxc6 bxc6 16. Na4 Qd6 (16... h6 $11 {keeps the balance.} 17. Bf4 Qa5) 17. Bf4 $36 {[%mdl 2048] Keeping Black busy.} Qd7 18. b3 a5 19. Rc1 (19. Qb6 $16) 19... Ne4 ({Better is} 19... Ba3 $14 20. Rd1 Bf5) 20. Qb6 g5 {[#]} 21. Be5 $1 Rc8 (21... g4 $142 22. Rxc6 Rc8) 22. Ba6 ({But not} 22. Qxa5 f6) 22... Bd8 $2 (22... Re8 23. Rxc6 Bd8) 23. Bxc8 $18 {White is clearly winning.} Qxc8 24. Qxc6 Qxc6 25. Rxc6 Be7 26. Ra6 f6 27. Rxe6 {Av CentiPawn Loss W=-10/B=-45. Weighted=-11/-54} 1-0

[Event "Balkan Youth Online-ch 2020"]
[Site "Online"]
[Date "2020.10.31"]
[Round "1.50"]
[White "Triantos, Konstantinos"]
[Black "Alivodic, Dario"]
[Result "0-1"]
[WhiteElo "2210"]
[BlackElo "2093"]
[Annotator "TA"]
[PlyCount "86"]
[EventDate "2020.10.31"]
[EventType "swiss"]
[SourceTitle "playchess.com"]
[Source "ChessBase"]
[SourceQuality "1"]

{[%evp 9,86,-4,18,6,18,25,25,7,18,8,25,-4,53,53,41,27,26,11,11,11,6,6,8,1,6,10,20,0,7,0,0,0,0,0,0,0,0,0,0,-82,-77,-83,-86,-236,-233,-272,-239,-252,-212,-313,-290,-268,-218,-427,-403,-401,-386,-589,-587,-612,-586,-2649,-2351,-1812,-1733,-29963,-6087,-29988,-29989,-29989,-29990,-29990,-29991,-29993,-29994,-29995,-29994,-29995,-29996]} 1. e4 e6 2. d4 d5 3. exd5 exd5 4. Bd3 c5 5. Qe2+ Be6 6. Nf3 {C01: French: Exchange Variation.} Nc6 7. O-O Nf6 8. c3 {White has an edge.} Be7 9. dxc5 Bxc5 10. Ng5 {[#]} O-O $146 ({Better is} 10... Qe7 $11) ({Predecessor:} 10... Qe7 11. Nxe6 fxe6 12. Be3 e5 13. Bxc5 Qxc5 14. Nd2 O-O 15. Nb3 Qd6 16. Rad1 Rae8 {1-0 (33) Jaderholm,B (2014)-Molari,J Finland 2001}) 11. Nxe6 $14 fxe6 12. Qxe6+ Kh8 13. b4 Nxb4 14. cxb4 Bd4 15. Nc3 $1 {[#] And now Bd2 would win.} Bxc3 16. Rb1 Qc8 $132 {[%mdl 2048] Black puts up resistance} 17. Qxc8 Raxc8 18. b5 Ng4 19. Ba3 Rxf2 20. Rxf2 Bd4 {[%mdl 64] [#] Pin} 21. Bf5 Bxf2+ 22. Kh1 $1 Rc3 $1 23. Bb2 Rc4 24. Rf1 (24. Bd3 $11 Rc7 25. h3) 24... Bc5 $17 {Threatens to win with ...Nf2+.} 25. Bxg4 Rxg4 {[%mdl 4096] Endgame KRB-KRB} 26. Re1 {White does not recover from this.} (26. Rf5 $17 {was necessary.}) 26... Re4 {[%cal Re4e1]} 27. Rd1 d4 28. g3 g5 29. Rd2 (29. Bc1 {keeps fighting.}) 29... g4 30. Kg2 Kg8 31. Rc2 $2 (31. Kf1 {was worth a try.}) 31... b6 32. Rd2 {White hopes to continue with Kf1.} Kf7 33. Kf1 (33. h3 $142) 33... Ke6 $19 34. Rd3 Kd5 35. Ba3 Kc4 36. Rb3 Re3 37. Rxe3 dxe3 38. Bxc5 bxc5 {[%cal Bb6c5,Bc5c4,Bc4c3,Bc3c2][%mdl 32] KP-KP. Black mates.} 39. Ke2 Kd4 40. a4 c4 41. a5 c3 42. b6 axb6 43. axb6 c2 {Av CentiPawn Loss W=-89/B=-45. Weighted=-102/-27} 0-1

[Event "Balkan Youth Online-ch 2020"]
[Site "Online"]
[Date "2020.10.31"]
[Round "1.51"]
[White "Miletic, Vuk"]
[Black "Zvezdakoski Matej"]
[Result "1-0"]
[WhiteElo "2106"]
[BlackElo "1917"]
[Annotator "TA"]
[PlyCount "83"]
[EventDate "2020.10.31"]
[EventType "swiss"]
[SourceTitle "playchess.com"]
[Source "ChessBase"]
[SourceQuality "1"]

{[%evp 9,83,1,10,2,15,-7,14,14,44,39,137,123,196,110,169,116,171,104,101,112,115,72,89,49,72,57,60,8,53,21,89,117,183,187,178,173,191,181,194,191,191,186,323,195,190,183,205,212,206,202,255,228,557,180,564,441,1185,1166,5402,5389,12845,12577,29984,29985,29986,29987,29987,29987,29991,29986,29991,29992,29994,29995,29995,29996]} 1. d4 Nf6 2. Nc3 d5 3. Bf4 Bf5 4. e3 e6 5. Bd3 Bd6 6. Nge2 {D00: 1 d4 d5: Unusual lines.} c6 7. f3 Bxf4 8. Nxf4 {[#] The position is equal.} g5 $146 ({Predecessor:} 8... Nbd7 9. e4 dxe4 10. fxe4 Bg4 11. Be2 Bxe2 12. Nfxe2 e5 13. Qd2 Qe7 14. O-O-O O-O-O {½-½ (47) Balint,V (2334)-Kokeny,N (2060) Hungary 2017}) 9. Nfe2 g4 (9... Bxd3 $14 10. Qxd3 Nbd7) 10. Bxf5 $16 exf5 (10... gxf3 $16 {might work better.} 11. gxf3 exf5) 11. Qd3 (11. Ng3 $18) 11... Qd7 (11... gxf3 $16 {is a better defense.} 12. gxf3 Qd7) 12. Ng3 ({Better is} 12. fxg4 $18 Na6 13. a3 (13. Qxf5 Qxf5 14. gxf5 Nc7 $16)) 12... gxf3 (12... f4 $16) 13. gxf3 (13. O-O $1 $18) 13... f4 14. exf4 Na6 {[%cal Bb8a6,Ba6c7,Bc7e8,Be8g7][%mdl 32]} 15. O-O-O O-O-O 16. Rde1 Nc7 17. f5 Nce8 18. Re5 ({White should try} 18. Qe3 $14) 18... Ng7 19. Rhe1 Rde8 (19... Qd6 $11) 20. Qd2 $36 {[%mdl 2048] White is really pushing. Black is now going downhill.} Nfh5 (20... Qd8 $16) 21. Nxh5 $18 Nxh5 {[#]} 22. Qh6 $1 {[%cal Rh6h5]} f6 {[#]} 23. Rxe8+ $1 ({Less strong is} 23. Qxh5 fxe5 24. dxe5 Rhf8 $14) 23... Rxe8 24. Rxe8+ Qxe8 25. Kd2 Kb8 (25... Qf7 $142 26. Ne2 Kc7) 26. Ne2 Qf7 27. c3 Kc7 28. Ng3 Nxg3 29. hxg3 {[%mdl 4096] Endgame KQ-KQ} Kb6 30. g4 Qc7 $2 (30... Kc7 31. Qf4+ Kc8) 31. Kc2 $2 (31. Qxf6 Qh2+ 32. Kc1) 31... Qg3 $2 (31... Qd6 {is more resistant.} 32. Qxh7 Qg3) 32. Qxf6 {And now Qe7 would win.} Qxf3 (32... Qe1 $142 33. Qd8+ Kb5) 33. Qd8+ Kb5 {[#]} 34. Qe7 $1 {[%csl LRb7,LRh7][%mdl 64] Double Attack} Kb6 35. f6 Qf2+ 36. Kb3 {White mates.} Qf1 37. f7 Qc4+ 38. Kc2 Qa4+ 39. Kd2 Qxa2 40. Qb4+ Kc7 41. f8=Q Qxb2+ 42. Qxb2 {Av CentiPawn Loss W=-38/B=-159. Weighted=-47/-110} 1-0

[Event "Balkan Youth Online-ch 2020"]
[Site "Online"]
[Date "2020.10.31"]
[Round "1.52"]
[White "Eftovski, Mateo"]
[Black "Karousos-Theodorakis, Nikolaos"]
[Result "0-1"]
[WhiteElo "1818"]
[BlackElo "2244"]
[Annotator "TA"]
[PlyCount "70"]
[EventDate "2020.10.31"]
[EventType "swiss"]
[SourceTitle "playchess.com"]
[Source "ChessBase"]
[SourceQuality "1"]

{[%evp 15,70,17,18,14,14,0,15,15,24,0,0,0,0,0,0,0,0,0,0,-8,0,-3,-3,-26,-24,-25,-25,-25,-25,-25,-25,-25,-25,-23,-20,-26,-4,-7,0,0,0,0,0,-2,0,0,0,-8,0,0,0,0,0,-392,-387,-563,-435]} 1. d4 Nf6 2. c4 g6 3. Nc3 Bg7 4. Nf3 O-O 5. e3 d6 6. Be2 Nbd7 7. O-O e5 8. dxe5 Nxe5 9. Nxe5 {E61: King's Indian: Early deviations for White, including Smyslov System.} dxe5 10. b3 c6 11. Ba3 {The position is equal.} Re8 {[#]} 12. Qxd8 $146 ({Predecessor:} 12. Qc2 Qa5 13. Bd6 e4 14. Rfd1 Qf5 15. h3 h5 16. Rd2 h4 17. Rad1 g5 18. Rd4 {1-0 (52) Seegers,H (2210)-Boenigk,W (1739) Germany 2003}) 12... Rxd8 13. Rad1 Bf5 14. Be7 Re8 15. Bb4 h5 16. h3 Bf8 17. Bxf8 Kxf8 18. f3 h4 19. Rd6 Ke7 20. Rfd1 Red8 21. Rxd8 Rxd8 22. Rxd8 Kxd8 $11 {[%mdl 4096] Endgame KBN-KBN} 23. Kf2 Kd7 24. Ke1 Kd6 25. Kd2 e4 26. f4 a6 27. a3 Be6 28. Bg4 Nxg4 29. hxg4 Bxg4 30. Nxe4+ {KB-KN} Ke7 31. Nc5 Bc8 32. Nd3 Bf5 33. Nc5 b6 34. Nd3 $2 {[%mdl 8192]} (34. e4 $1 $11 {and White is okay.}) 34... Be4 $19 35. Ne1 {[#]} (35. Ke2 {was worth a try.} Bxg2 36. Ne1) 35... Bxg2 $1 {[%mdl 576] Promotion. Av CentiPawn Loss W=-25/B=-7. Weighted=-27/-9} 0-1

[Event "Balkan Youth Online-ch 2020"]
[Site "Online"]
[Date "2020.10.31"]
[Round "1.53"]
[White "Omorjan, Dejan"]
[Black "Vogli, Erjon"]
[Result "1-0"]
[WhiteElo "2259"]
[BlackElo "1512"]
[Annotator "TA"]
[PlyCount "60"]
[EventDate "2020.10.31"]
[EventType "swiss"]
[SourceTitle "playchess.com"]
[Source "ChessBase"]
[SourceQuality "1"]

{[%evp 10,60,25,26,45,20,74,31,81,76,73,85,93,63,89,59,61,50,109,83,133,120,149,143,142,130,278,267,280,277,276,277,513,341,335,204,533,477,493,480,449,269,515,522,577,540,744,745,1288,1336,1335,1304,1922]} 1. e4 c5 2. Nf3 Nc6 3. Bb5 e6 4. O-O Nge7 5. d4 cxd4 6. Nxd4 a6 {[#] Strongly threatening ...Nxd4. B30: Sicilian: 2...Nc6 3 Bb5, lines without ...g6.} 7. Be2 Ng6 (7... d5 $11) 8. c4 Be7 {White is slightly better.} 9. Nc3 O-O 10. Be3 Qc7 {[#]} 11. Qd2 $146 ({Predecessor:} 11. Rc1 Bf6 12. c5 Rd8 13. Nxc6 dxc6 14. Qc2 Nf4 15. Bc4 e5 16. Na4 Be6 17. Nb6 {1-0 (40) Nakamura,H (2745)-Dobrov,V (2478) chess.com INT 2019}) 11... b6 12. Rac1 Bb7 13. Rfd1 Bb4 (13... Bc5 $14) 14. a3 Bxc3 15. Rxc3 ({Worse is} 15. bxc3 Na5 $15) 15... Rfd8 16. f3 Rac8 17. Bf1 d5 (17... Nce5 $16 18. Nb3 Bc6) 18. cxd5 exd5 19. Nxc6 Bxc6 20. exd5 Qe5 $2 (20... Qa7 {was necessary.} 21. Rdc1 Bb7 22. Rxc8 Bxc8) 21. d6 b5 22. Bf2 {aiming for d7!} Bb7 $2 (22... Bd7 {is more resistant.} 23. Re1 Qf6) 23. Re3 Qf6 24. d7 Ra8 25. Rde1 (25. Qd6 $142) 25... Qc6 $2 (25... h6 {was worth a try.} 26. Re8+ Kh7) 26. Rd3 $18 {White is clearly winning.} Nf8 27. Rd1 Ng6 28. Rd6 Qc7 29. Bb6 {[%mdl 64] [#] Skewer} Qb8 30. Re1 Ne5 {Black got outplayed after the opening. Av CentiPawn Loss W=-31/B=-106. Weighted=-38/-128} 1-0